Cambridge economic history if india : (Record no. 1380)

MARC details
000 -LEADER
fixed length control field 00543cam a2200193ua 4500
001 - CONTROL NUMBER
control field 1491
005 - DATE AND TIME OF LATEST TRANSACTION
control field 20260515113336.0
008 - FIXED-LENGTH DATA ELEMENTS--GENERAL INFORMATION
fixed length control field 111126n ii |||gr||||Z||||||eng
040 ## - CATALOGING SOURCE
Transcribing agency MAIN
082 ## - DEWEY DECIMAL CLASSIFICATION NUMBER
Classification number 330.954
100 ## - MAIN ENTRY--PERSONAL NAME
Personal name Kumar. Dharma,
Relator term Author.
245 1# - TITLE STATEMENT
Title Cambridge economic history if india :
Remainder of title vol-ii c. 1757-c. 1970 /
Statement of responsibility, etc. by Dharma Kumar
250 ## - EDITION STATEMENT
Edition statement 1st.
260 ## - PUBLICATION, DISTRIBUTION, ETC.
Place of publication, distribution, etc. Hyderabad:
Name of publisher, distributor, etc. Orient longman,982.
300 ## - PHYSICAL DESCRIPTION
Extent xviii;1073p:
Dimensions 23cm.
653 ## - INDEX TERM--UNCONTROLLED
Uncontrolled term Economics
653 ## - INDEX TERM--UNCONTROLLED
Uncontrolled term The cambridge Economics history of india
942 ## - ADDED ENTRY ELEMENTS (KOHA)
Koha item type Books
Holdings
Withdrawn status Lost status Damaged status Not for loan Home library Current library Shelving location Date acquired Total checkouts Full call number Barcode Date last seen Copy number Price effective from Koha item type
        Naharkatiya College Library Naharkatiya College Library General stacks 09/19/2020   330.954 | CAM 3670(B) 09/19/2020 1 09/19/2020 Books